• 首页
  • 本馆介绍
  • 公告通知
  • 最新文献
  • 馆藏检索
  • 电子资源
  • 读者导购
  • 参考咨询
  • 我的图书馆
  • 登录
  • 详细信息显示
  • 放入我的书架
  • 预约/预借图书
  • 作者相关作品
  • 分类相关作品
  • 丛书相关作品
  • 出版社相关作品

书目信息

  • 表格格式
  • 工作单格式
  • 卡片格式
题名:
国际贸易业务教程
    
 
作者: 尤盛东 编著
分册:  
出版信息: 北京   北京师范大学出版社  2008
页数: 368页
开本: 23cm
丛书名:
单 册:
中图分类: F740.4
科图分类:
主题词: 国际贸易 , 贸易实务
电子资源:
ISBN: 978-7-303-09280-2
000 01050nam0 2200277 45
001 1029824874
005 20100428150018.14
010    @a978-7-303-09280-2@dCNY36.00
100    @a20100419d2008 em y0chiy50 ea
101 0  @achi
102    @aCN@b110000
105    @aa z 000yy
106    @ar
200 1  @a国际贸易业务教程@AGuo Ji Mao Yi Ye Wu Jiao Cheng@dInternational trade operations courses@f尤盛东编著@FYou Sheng Dong Bian Zhu@zeng
210    @a北京@c北京师范大学出版社@d2008
215    @a368页@c照片@d23cm
300    @a新世纪高等学校教材 国际贸易学核心课系列教材
330    @a本书共分为九章,包括国际贸易术语及其惯例,商品的名称、品质、数量和包装,货物运输,货运保险,商品价格,国际结算,检验、索赔、不可抗力和仲裁等内容。
510 1  @aInternational trade operations courses@zeng
517 1  @a国际贸易@AGuo Ji Mao Yi@x贸易实务@x高等学校@j教材
606 0  @a国际贸易
606 0  @a贸易实务
690    @aF740.4@v4
701  0 @a尤盛东@AYou Sheng Dong@4编著
801  0 @aCN@bTANGWEI@c20100428
905    @b0592709-13@dF740.4@e130@f5
    
    国际贸易业务教程=International trade operations courses/尤盛东编著.-北京:北京师范大学出版社,2008
    368页:照片;23cm
    新世纪高等学校教材 国际贸易学核心课系列教材
    
    ISBN 978-7-303-09280-2:CNY36.00
    本书共分为九章,包括国际贸易术语及其惯例,商品的名称、品质、数量和包装,货物运输,货运保险,商品价格,国际结算,检验、索赔、不可抗力和仲裁等内容。
●
相关链接 在E读中查询图书 在五车中查询图书 在当当中查询图书 在豆瓣中查询图书


正题名:国际贸易业务教程     索取号:F740.4/130         预约/预借

序号 登录号 条形码 馆藏地/架位号 状态 备注
1 0592709   205927096   第一样本阅览室/ [索取号:F740.4/130] 在馆    
2 0592710   205927103   第一借阅区/ [索取号:F740.4/130] 在馆    
3 0592711   205927112   第一借阅区/ [索取号:F740.4/130] 在馆    
4 0592712   205927121   第一借阅区/ [索取号:F740.4/130] 在馆    
5 0592713   205927130   第一借阅区/ [索取号:F740.4/130] 在馆    
唐山师范学院图书馆 欢迎您!
大连网信软件有限公司© 版权所有